Normal view
MARC view
- KFFMAN, B. ELLIOT
Entry Personal Name
001 - CONTROL NUMBER
- control field: 89181
003 - CONTROL NUMBER IDENTIFIER
- control field: NUST
005 - DATE AND TIME OF LATEST TRANSACTION
- control field: 20220218110413.0
008 - FIXED-LENGTH DATA ELEMENTS
- fixed length control field: 220218|| aca||aabn | a|a d
040 ## - CATALOGING SOURCE
- Original cataloging agency: NUST
- Transcribing agency: NUST
100 ## - HEADING--PERSONAL NAME
- Personal name: KFFMAN, B. ELLIOT
670 ## - SOURCE DATA FOUND
- Source citation: Work cat.: (NUST): KFFMAN, B. ELLIOT. , OBJECTS ABSTRACTION DATA STRUCTURE /, 2006.
